Ameryka Południowa - Statystyki

Ogólne statystyki
  • Ten quiz został rozwiązany 3 015 razy
  • Średni wynik to 3 z 12
Odpowiedzi na mapie
Odpowiedzi zakodowano w zielono-czerwonej skali na mapie do tego quizu, zgodnie z poniższymi procentami.
 
Statystyki odpowiedzi
Odpowiedź % Poprawnych
Brazylia
29%
Wenezuela
28%
Argentyna
23%
Chille
23%
Ekwador
21%
Kolumbia
21%
Boliwia
20%
Gujana
20%
Peru
19%
Urugwaj
18%
Surinam
16%
Paragwaj
15%
Nie znaleziono quizów pasujących do podanych kryteriów
Rozkład punktacji
Procent ludzi z każdym wynikiem
Percentyl według liczby udzielonych odpowiedzi
Twoja historia wyników
Nie rozwiązałeś tego quizu